000 00420nam a2200169 a 4500
001 0000-8995
003 ELIB.Books
008 110520 1996
035 _a(ELIB.Books)0000-9144
082 _aFic
_bLah
100 _aLahaye, Tim
245 _aTribulation Force
260 _bWheaton: Tyndale House Publishers, Inc.
_c1996
650 _aFiction
942 _2ddc
_cBK
998 _cbat
_e2011-05-20
999 _c8995
_d8995